000 00402nam a2200145Ia 4500
008 231129s2011||||xx |||||||||||||| ||spa||
020 _a978-958-30-3499-2
040 _bspa
082 _a658.812 K37c
100 _aKenzelmann Peter
245 0 _aClientes fieles : Entusiasme y conserve a sus clientes
260 _c2011
264 _aPanamericana
942 _2ddc
_cBKS
999 _c7087
_d7087